Emléklapok 1948. és 49-böl

Bibliographic Details
Main Author: Szilágyi, Sándor (Author)
Other Authors: Berecz, Árpád (Author of introduction, etc.)
Format: Book
Language:Hungarian
PhysicalDescription:7, 484 s. 8°
Published: Pest Landerer - Heckenast 1850

MARC

LEADER 00000nam a2200000 a 4500
001 vtls001192130
003 SK-MaSNL
005 20260301002743.0
008 251124s1850 HU 0 hun
035 |a SNK000135187 
040 |a SNK  |b slo  |c SNK  |e AACR2 
041 0 |a hun 
044 |a HU 
100 1 |a Szilágyi, Sándor  |4 aut  |9 283127 
245 0 |a Emléklapok 1948. és 49-böl  |c Sándor Szilághyi ; A. Berecz 
260 |a Pest  |b Landerer - Heckenast  |c 1850 
300 |a 7, 484 s.  |c 8° 
700 1 |a Berecz, Árpád  |4 aui  |9 283128 
958 |a ONDV 
958 |a RK 
999 |c 537995  |d 539925 
952 |t P60, <04>, [BOOK], {604}  |a SNK  |b SNK  |y VYP  |7 0  |o snkIC 41890  |i snkF 4902/67  |0 0  |1 0  |4 0  |d 1996-03-20  |l 0  |r 2005-01-01 00:00:00  |w 2026-02-23